1501 1297 1855 1053 1122 1359 1555 1306 1518 1731 1387 1942 1539 1946 1562 1025 1685 1102 1942 1501 1606 1826 1054 1262 1445 1411 1413 1004 1793 1239 1872 1417 1587 1096 1676 1592 1456 1443 1549 1083 1698 1826 1847 1063 1781 1994 1566 1209 1931 1681 1903 1888 1691 1871 1035 1234 1449 1846 1891 1935 1210 1324 1340 1930 1840 1877 1884 1101 1094 1815 1927 1865 1108 1671 1618 1671 1535 1605 1529 1144 1144 1110 1785 1602 1184 1009 1465 1487 1584 1573 1763 1030 1239 1172 1169 1135 1337 1342 1458 BCNSPRNW ULIB Ver.6.0+V

เปลี่ยนเป็นภาษาไทย

Change to English
 แสดงรายละเอียดบรรณานุกรม
  กลับหน้าหลัก

Brief Record : Get Marc (ISO 2709) : E-mail record : QR code < ปิดหน้าต่าง
LEADER : 00000nam 2200000uu 4500
001    13399126137
003     ULIB
008    180612s2015||||th 000 0 tha d
020    ^a9780521693080
050 00 ^aPE1128^bC172^cV.6
245 10 ^aCambridge practice tests for IELTS 6
260    ^aCambridge :^bCambridge University Press,^c2015
300    ^a176 p.:^bill. ;^c25 cm.
650 00 ^aInternational English Language Testing System.
650 00 ^aEnglish language^xExaminations, questions, etc.
650 00 ^aEnglish language^xTextbooks for foreign speakers
945    ^p530^l0^i004233
999    ^aวรรณษา ชูชัยมงคล
รายการนี้ยังไม่มีแท็ก
คุณยังไม่ได้ล็อกอิน คุณสามารถมีกิจกรรมร่วมกับเว็บไซต์ได้ แต่ต้องล็อกอินก่อน ::
  ล็อกอิน

รายการสื่อสารสนเทศ

ลำดับที่ ประเภท เลขเรียก/บาร์โค้ด สถานที่ สถานะ
1. วิทยาศาสตร์การแพทย์ และสุขภาพ
หนังสือสำรอง
สถานะ=หนังสือสำรอง
PE1128 C172 V.6 ฉ.1 
  Barcode: 004233
ห้องสมุดวิทยาเขตสวรรค์ประชารักษ์
►หนังสือทั่วไป
บนชั้น

รายการใกล้เคียง
    ชื่อเรื่อง [Cambridge practice tests for IELTS 6]

    หัวเรื่อง [International English Language Testing System.]

BibComment


ยังไม่เคยถูกคอมเมนท์

คอมเมนท์ทรัพยากรรายการนี้
  คอมเมนท์: Cambridge practi..


 Copyright 2026. Bcnsprnw @Library